| LEADER | 01975nam a2200241 4500 | ||
|---|---|---|---|
| 082 | |a 910 |b NG 527 Đ | ||
| 100 | |a Nguyễn Đình Hòe | ||
| 245 | |a Du lịch bền vững |c Nguyễn Đình Hòe, Vũ Văn Hiếu | ||
| 260 | |a H. |b Đại học Quốc gia Hà Nội |c 2001 | ||
| 300 | |a 186tr. |c 24cm | ||
| 520 | |a v.v.... | ||
| 653 | |a Địa lý | ||
| 653 | |a Du lịch | ||
| 942 | |2 ddc |c STK0 | ||
| 999 | |c 3359 |d 3359 | ||
| 952 | |0 0 |1 0 |2 ddc |4 0 |6 910_000000000000000_NG_527_Đ |7 1 |8 900 |9 36048 |a qbu |b qbu |c D5 |d 2014-12-16 |g 15200 |o 910 NG 527 Đ |p 4481.C1 |r 0000-00-00 |w 2014-12-16 |y STK0 |0 0 |6 910_NG_527000000000000_Đ | ||
| 952 | |0 0 |1 0 |2 ddc |4 0 |6 910_000000000000000_NG_527_Đ |7 0 |8 900 |9 36049 |a qbu |b qbu |c D5 |d 2014-12-16 |g 15200 |l 1 |m 1 |o 910 NG 527 Đ |p 4481.C2 |r 2016-10-17 |s 2016-10-06 |w 2014-12-16 |y STK0 |0 0 |6 910_NG_527000000000000_Đ | ||
| 952 | |0 0 |1 0 |2 ddc |4 0 |6 910_000000000000000_NG_527_Đ |7 0 |8 900 |9 36050 |a qbu |b qbu |c D5 |d 2014-12-16 |g 15200 |o 910 NG 527 Đ |p 4481.C3 |r 2019-08-01 |w 2014-12-16 |y STK0 |0 0 |6 910_NG_527000000000000_Đ | ||
| 952 | |0 0 |1 0 |2 ddc |4 0 |6 910_000000000000000_NG_527_Đ |7 0 |8 900 |9 36051 |a qbu |b qbu |c D5 |d 2014-12-16 |g 15200 |o 910 NG 527 Đ |p 4481.C4 |r 0000-00-00 |w 2014-12-16 |y STK0 |0 0 |6 910_NG_527000000000000_Đ | ||
| 952 | |0 0 |1 0 |2 ddc |4 0 |6 910_000000000000000_NG_527_Đ |7 0 |8 900 |9 36052 |a qbu |b qbu |c D5 |d 2014-12-16 |g 15200 |l 1 |o 910 NG 527 Đ |p 4481.C5 |r 2018-04-13 |s 2018-03-23 |w 2014-12-16 |y STK0 |0 0 |6 910_NG_527000000000000_Đ | ||
| 952 | |0 0 |1 0 |2 ddc |4 0 |6 910_000000000000000_NG_527_Đ |7 0 |8 900 |9 36053 |a qbu |b qbu |c D5 |d 2014-12-16 |g 15200 |o 910 NG 527 Đ |p 4481.C6 |r 0000-00-00 |w 2014-12-16 |y STK0 |0 0 |6 910_NG_527000000000000_Đ | ||
| 952 | |0 0 |1 0 |2 ddc |4 0 |6 910_000000000000000_NG_527_Đ |7 0 |8 900 |9 36054 |a qbu |b qbu |c D5 |d 2014-12-16 |g 15200 |o 910 NG 527 Đ |p 4481.C7 |r 0000-00-00 |w 2014-12-16 |y STK0 |0 0 |6 910_NG_527000000000000_Đ | ||
| 952 | |0 0 |1 0 |2 ddc |4 0 |6 910_000000000000000_NG_527_Đ |7 0 |8 900 |9 94093 |a qbu |b qbu |c D5 |d 2015-09-15 |g 15200 |l 1 |o 910 NG 527 Đ |p 4481.c8 |r 2017-03-07 |s 2017-02-21 |w 2015-09-15 |y STK0 |0 0 |6 910_NG_527000000000000_Đ | ||